[Event "EUR-ch U14 w"]
[Site "Batumi GEO"]
[Date "2014.10.20"]
[Round "2"]
[White "Gailiunaite, Saule"]
[Black "Gajcin, Marina"]
[Result "1-0"]
[WhiteElo "1653"]
[BlackElo "2017"]
[PlyCount "71"]
[EventDate "2014.10.19"]
[EventType "swiss"]
[EventRounds "9"]
[EventCountry "CAN"]
[Source "Chessbase"]
[SourceDate "2015.02.06"]

1. d4 Nf6 2. c4 g6 3. Nc3 d5 4. cxd5 Nxd5 5. e4 Nxc3 6. bxc3 Bg7 7. Bc4 c5 8.
Be3 Nc6 9. Ne2 O-O 10. Rc1 cxd4 11. cxd4 Qa5+ 12. Kf1 Qa3 13. Rc3 Qd6 14. f3
Bd7 15. h4 Na5 16. Bd3 Rfc8 17. Rxc8+ Rxc8 18. e5 Qa3 19. h5 Nc4 20. Bc1 Qxa2
21. hxg6 hxg6 22. Kf2 Nb2 23. Bxb2 Qxb2 24. Kg3 a5 25. Qg1 Qd2 26. Qb1 Bc6 27.
e6 fxe6 28. Nf4 Bxd4 29. Bxg6 Qf2+ 30. Kg4 Bd7 31. Be8 e5+ 32. Bxd7 exf4 33.
Qg6+ Kf8 34. Qf5+ Bf6 35. Rh8+ Kf7 36. Be6+ 1-0

[Event "EUR-ch U14 w"]
[Site "Batumi GEO"]
[Date "2014.10.20"]
[Round "2"]
[White "Garcia Martin, Marta"]
[Black "Olde, Margareth"]
[Result "1/2-1/2"]
[WhiteElo "2027"]
[BlackElo "1773"]
[PlyCount "86"]
[EventDate "2014.10.19"]
[EventType "swiss"]
[EventRounds "9"]
[EventCountry "CAN"]
[Source "Chessbase"]
[SourceDate "2015.02.06"]

1. e4 d5 2. exd5 Qxd5 3. Nc3 Qd6 4. d4 Nf6 5. Nb5 Qd8 6. c4 c6 7. Nc3 g6 8. Be2
Bg7 9. Nf3 O-O 10. O-O Nbd7 11. h3 Qc7 12. Be3 Nb6 13. a4 a5 14. Qb3 Bf5 15.
Rfd1 Nc8 16. Rac1 Nd6 17. Nd2 Qc8 18. Kh2 Bd7 19. Nf3 Nf5 20. Ne5 Nxe3 21. fxe3
Bf5 22. Bd3 Bxd3 23. Rxd3 Qc7 24. Kg1 Rfd8 25. c5 e6 26. Rf1 Rf8 27. Nc4 Nd5
28. Nxd5 exd5 29. Nb6 Ra7 30. Rf3 Re8 31. Qd1 Qe7 32. Qe1 Qe4 33. Qf1 Qe6 34.
Qf2 Ra6 35. Kh1 Ra7 36. Rd1 f5 37. Rd3 Bh6 38. Qf1 Bg5 39. g3 Bd8 40. Rb3 Ra6
41. Qd3 Bc7 42. Kg2 Rd8 43. h4 h5 1/2-1/2

[Event "EUR-ch U14 w"]
[Site "Batumi GEO"]
[Date "2014.10.20"]
[Round "2"]
[White "Grigoryan, Arpine"]
[Black "Avramidou, Anastasia"]
[Result "0-1"]
[WhiteElo "1793"]
[BlackElo "2120"]
[PlyCount "65"]
[EventDate "2014.10.19"]
[EventType "swiss"]
[EventRounds "9"]
[EventCountry "CAN"]
[Source "Chessbase"]
[SourceDate "2015.02.06"]

1. e4 c5 2. Nf3 e6 3. c3 Nf6 4. e5 Nd5 5. d4 cxd4 6. cxd4 d6 7. Nc3 Nxc3 8.
bxc3 Qc7 9. Bd2 Nc6 10. exd6 Bxd6 11. Bd3 h6 12. O-O Bd7 13. c4 Bf4 14. Bc3 O-O
15. Qe2 Rfe8 16. Ne5 Bxe5 17. dxe5 Ne7 18. Bb4 Bc6 19. Rac1 Nf5 20. Rfe1 Rad8
21. Bxf5 exf5 22. Bd6 Qa5 23. c5 Re6 24. Rcd1 Rde8 25. Rd2 Rg6 26. g3 f4 27.
Red1 Qd8 28. Qf1 Qd7 29. Rd4 Bb5 30. Qe1 f3 31. Rh4 Rg4 32. Rd4 Rxd4 33. Qd1
0-1

[Event "EUR-ch U14 w"]
[Site "Batumi GEO"]
[Date "2014.10.20"]
[Round "2"]
[White "Guluzada, Narmin Yalchin Q"]
[Black "Jacobsen, Elise Sjottem"]
[Result "1-0"]
[WhiteElo "1381"]
[BlackElo "1685"]
[PlyCount "61"]
[EventDate "2014.10.19"]
[EventType "swiss"]
[EventRounds "9"]
[EventCountry "CAN"]
[Source "Chessbase"]
[SourceDate "2015.02.06"]

1. e4 c5 2. Nc3 g6 3. d3 Bg7 4. g3 e6 5. Bg2 Ne7 6. Nge2 O-O 7. O-O d5 8. Nf4
d4 9. Nce2 Nbc6 10. Nh3 e5 11. Bd2 f5 12. exf5 gxf5 13. Qc1 Ng6 14. c3 f4 15.
gxf4 Bxh3 16. Bxh3 exf4 17. Nxf4 dxc3 18. bxc3 Nxf4 19. Bxf4 Qxd3 20. Be3 Bxc3
21. Rb1 b6 22. Rb3 Qg6+ 23. Kh1 Bg7 24. Rg1 Qe4+ 25. Bg2 Qe6 26. Bh6 Bxh6 27.
Rg3+ Kh8 28. Qc3+ Qf6 29. Rg8+ Rxg8 30. Qxf6+ Bg7 31. Qxc6 1-0

[Event "EUR-ch U14 w"]
[Site "Batumi GEO"]
[Date "2014.10.20"]
[Round "2"]
[White "Imnadze, Lika"]
[Black "Ambrozova, Lucie"]
[Result "1-0"]
[WhiteElo "1446"]
[BlackElo "1725"]
[PlyCount "77"]
[EventDate "2014.10.19"]
[EventType "swiss"]
[EventRounds "9"]
[EventCountry "CAN"]
[Source "Chessbase"]
[SourceDate "2015.02.06"]

1. e4 c5 2. Nc3 Nc6 3. g3 g6 4. Bg2 Bg7 5. d3 e6 6. Nge2 d6 7. O-O Bd7 8. f4
Nge7 9. g4 O-O 10. Ng3 Nd4 11. Nce2 Nxe2+ 12. Qxe2 Nc6 13. c3 b5 14. f5 a5 15.
g5 f6 16. gxf6 Qxf6 17. fxg6 Qxg6 18. Bf4 Ne5 19. Rad1 Rad8 20. Qh5 Qxh5 21.
Nxh5 Bc8 22. Nxg7 Kxg7 23. Bxe5+ dxe5 24. Rxf8 Rxf8 25. Rf1 Rf4 26. Rf3 Rxf3
27. Bxf3 Kg6 28. Kg2 h5 29. h4 Ba6 30. Be2 c4 31. dxc4 bxc4 32. Kf3 Bb5 33. Ke3
Ba6 34. b3 cxb3 35. axb3 Bxe2 36. Kxe2 Kf7 37. Kd3 Ke7 38. Kc4 Kd6 39. Kb5 1-0

[Event "EUR-ch U14 w"]
[Site "Batumi GEO"]
[Date "2014.10.20"]
[Round "2"]
[White "Jablonskaja, Anastasija"]
[Black "Samchenko, Serafima"]
[Result "1/2-1/2"]
[WhiteElo "1356"]
[BlackElo "1637"]
[PlyCount "104"]
[EventDate "2014.10.19"]
[EventType "swiss"]
[EventRounds "9"]
[EventCountry "CAN"]
[Source "Chessbase"]
[SourceDate "2015.02.06"]

1. e4 c5 2. Nf3 d6 3. d4 cxd4 4. Nxd4 Nf6 5. Nc3 a6 6. Bg5 e6 7. Nf3 Be7 8. e5
dxe5 9. Qxd8+ Bxd8 10. Nxe5 O-O 11. O-O-O h6 12. Be3 Nbd7 13. Nc4 Ng4 14. h3
Nxe3 15. Nxe3 Bg5 16. Re1 Nf6 17. g3 Bxe3+ 18. Rxe3 Bd7 19. Bg2 Rab8 20. Rd1
Rfc8 21. Ne4 Nd5 22. Re2 Bb5 23. Red2 Nb4 24. a3 Nxc2 25. Rxc2 Ba4 26. Nc3 Bxc2
27. Kxc2 b5 28. Kb3 Rd8 29. Rc1 Rd2 30. Ne4 Rd3+ 31. Rc3 Rxc3+ 32. Kxc3 a5 33.
b4 a4 34. Bf1 Rb6 35. Kd4 Rc6 36. Nc3 e5+ 37. Kd3 Rf6 38. Ke3 Rc6 39. Nxb5 Rc1
40. Bd3 g6 41. Kd2 Rh1 42. h4 f5 43. Ke2 Rc1 44. Nd6 Rc3 45. Nb5 Rc1 46. Kd2
Rc8 47. Bc2 Ra8 48. Nc3 Rd8+ 49. Ke3 Rc8 50. Kd2 Rd8+ 51. Kc1 Rc8 52. Nxa4 f4
1/2-1/2

[Event "EUR-ch U14 w"]
[Site "Batumi GEO"]
[Date "2014.10.20"]
[Round "2"]
[White "Janiashvili, Mariami"]
[Black "Milovanova, Maria"]
[Result "1-0"]
[WhiteElo "1679"]
[BlackElo "1965"]
[PlyCount "67"]
[EventDate "2014.10.19"]
[EventType "swiss"]
[EventRounds "9"]
[EventCountry "CAN"]
[Source "Chessbase"]
[SourceDate "2015.02.06"]

1. d4 Nf6 2. c4 e6 3. Nc3 Bb4 4. e3 O-O 5. Bd3 c5 6. Nge2 cxd4 7. exd4 d5 8.
cxd5 Nxd5 9. O-O Nc6 10. Nxd5 Qxd5 11. a3 Be7 12. Be3 Rd8 13. Qc2 h6 14. Bh7+
Kh8 15. Be4 Qd7 16. Rfd1 Nb8 17. Rac1 Na6 18. Ng3 Rb8 19. d5 e5 20. Bxa7 Ra8
21. Be3 Bd6 22. Qd2 f6 23. Bxh6 Qg4 24. h3 Qh4 25. Be3 Bd7 26. Qd3 Rab8 27. Rc4
b5 28. Rc2 Kg8 29. Nf5 Bxf5 30. Bxf5 Qa4 31. Rdc1 Nc7 32. Rxc7 Bxc7 33. Rxc7 b4
34. Be6+ 1-0

[Event "EUR-ch U14 w"]
[Site "Batumi GEO"]
[Date "2014.10.20"]
[Round "2"]
[White "Kazarian, Anna Maja"]
[Black "Avetisyan, Mariam"]
[Result "1-0"]
[WhiteElo "2108"]
[BlackElo "1787"]
[PlyCount "71"]
[EventDate "2014.10.19"]
[EventType "swiss"]
[EventRounds "9"]
[EventCountry "CAN"]
[Source "Chessbase"]
[SourceDate "2015.02.06"]

1. e4 e5 2. Nf3 Nc6 3. Bb5 Nf6 4. O-O Nxe4 5. Re1 Nd6 6. Bxc6 dxc6 7. Nxe5 Be7
8. d4 O-O 9. c3 Be6 10. Nd2 Bf6 11. f4 Bd5 12. Ndf3 Re8 13. b3 b5 14. Qd3 a5
15. Bb2 Rb8 16. Re2 a4 17. Rc1 Rb6 18. c4 bxc4 19. bxc4 Be4 20. Qe3 Bxf3 21.
Qxf3 Nf5 22. Qd3 Bxe5 23. fxe5 Qg5 24. Rf1 g6 25. Bc1 Qd8 26. Re4 Kh8 27. g4
Ng7 28. Rxf7 Ne6 29. Qh3 Ng7 30. Qh6 Rg8 31. Bg5 Qb8 32. Bf6 Rb1+ 33. Kg2 Qb2+
34. Kh3 Qc3+ 35. Kh4 g5+ 36. Qxg5 1-0

[Event "EUR-ch U14 w"]
[Site "Batumi GEO"]
[Date "2014.10.20"]
[Round "2"]
[White "Korchagina, Alena"]
[Black "Ivanyan, Ani"]
[Result "1-0"]
[WhiteElo "1894"]
[BlackElo "1589"]
[PlyCount "71"]
[EventDate "2014.10.19"]
[EventType "swiss"]
[EventRounds "9"]
[EventCountry "CAN"]
[Source "Chessbase"]
[SourceDate "2015.02.06"]

1. e4 c5 2. Nf3 d6 3. d4 cxd4 4. Nxd4 Nf6 5. f3 Nc6 6. c4 Qb6 7. Nc2 g6 8. Nc3
Bg7 9. Rb1 Ng4 10. fxg4 Bxc3+ 11. Bd2 Bxd2+ 12. Qxd2 Bxg4 13. Ne3 Be6 14. Rd1
O-O 15. Be2 Ne5 16. b3 a5 17. h4 Qb4 18. O-O Qxd2 19. Rxd2 a4 20. Nd5 Bxd5 21.
Rxd5 Nc6 22. Bd1 Nb4 23. Rb5 Nxa2 24. bxa4 Nc3 25. Rxb7 e6 26. Rd7 Nxe4 27. Bf3
Nd2 28. Bxa8 Nxf1 29. Bc6 Nd2 30. Bb5 Ne4 31. a5 f5 32. a6 Ra8 33. a7 Nc5 34.
Re7 e5 35. Bc6 Na6 36. Bd5+ 1-0

[Event "EUR-ch U14 w"]
[Site "Batumi GEO"]
[Date "2014.10.20"]
[Round "2"]
[White "Lomandong, Noela Joyce"]
[Black "Mocanu, Valeria"]
[Result "1-0"]
[WhiteElo "1852"]
[BlackElo "1596"]
[PlyCount "48"]
[EventDate "2014.10.19"]
[EventType "swiss"]
[EventRounds "9"]
[EventCountry "CAN"]
[Source "Chessbase"]
[SourceDate "2015.02.06"]

1. e4 e5 2. Nf3 Nc6 3. Bc4 Bc5 4. O-O Nf6 5. d3 d6 6. h3 Na5 7. Bb3 Nxb3 8.
axb3 Bb6 9. Be3 Bd7 10. Nbd2 Bxe3 11. fxe3 h6 12. Nh2 Qe7 13. Qf3 a6 14. d4
O-O-O 15. Qe2 h5 16. Rxa6 c5 17. Ra7 exd4 18. exd4 Bc6 19. dxc5 dxc5 20. e5 Nd7
21. Nc4 Rh6 22. Nf3 Bb5 23. Qe4 Ba6 24. Ra8+ Kc7 1-0

[Event "EUR-ch U14 w"]
[Site "Batumi GEO"]
[Date "2014.10.20"]
[Round "2"]
[White "Louka, Magdalini"]
[Black "Napishvili, Mariam"]
[Result "1-0"]
[WhiteElo "1689"]
[BlackElo "1298"]
[PlyCount "35"]
[EventDate "2014.10.19"]
[EventType "swiss"]
[EventRounds "9"]
[EventCountry "CAN"]
[Source "Chessbase"]
[SourceDate "2015.02.06"]

1. e4 e5 2. Nf3 Nc6 3. Nc3 Nf6 4. d4 exd4 5. Nxd4 Ne5 6. Be2 h6 7. O-O Be7 8.
f4 Ng6 9. e5 Nh7 10. Bd3 Bc5 11. Be3 Bxd4 12. Bxd4 O-O 13. Qh5 Nh8 14. Rf3 f6
15. Rg3 g5 16. Qxh6 Qe7 17. exf6 Nxf6 18. Rxg5+ 1-0

[Event "EUR-ch U14 w"]
[Site "Batumi GEO"]
[Date "2014.10.20"]
[Round "2"]
[White "Mican, Karmela"]
[Black "Gredka, Dominika"]
[Result "1-0"]
[WhiteElo "1726"]
[BlackElo "1419"]
[PlyCount "41"]
[EventDate "2014.10.19"]
[EventType "swiss"]
[EventRounds "9"]
[EventCountry "CAN"]
[Source "Chessbase"]
[SourceDate "2015.02.06"]

1. e4 c5 2. Nf3 e6 3. c4 d6 4. d4 cxd4 5. Nxd4 Nf6 6. Nc3 Be7 7. Be2 O-O 8. O-O
a6 9. Be3 Qc7 10. f3 b6 11. Qd2 Bb7 12. Rac1 Nbd7 13. Na4 Nc5 14. Qb4 Nxa4 15.
Qxa4 Nd7 16. b4 Ne5 17. Rfd1 Rac8 18. Nb3 Qd8 19. c5 b5 20. Qa3 Nc6 21. cxd6
1-0

[Event "EUR-ch U14 w"]
[Site "Batumi GEO"]
[Date "2014.10.20"]
[Round "2"]
[White "Mustafazada, Nigar"]
[Black "Vavrinkova, Eliska"]
[Result "1-0"]
[WhiteElo "1744"]
[BlackElo "1495"]
[PlyCount "57"]
[EventDate "2014.10.19"]
[EventType "swiss"]
[EventRounds "9"]
[EventCountry "CAN"]
[Source "Chessbase"]
[SourceDate "2015.02.06"]

1. c4 Nf6 2. Nc3 e5 3. Nf3 Nc6 4. e4 Bc5 5. Nxe5 Nxe5 6. d4 Bb4 7. dxe5 Nxe4 8.
Qd4 Nxc3 9. bxc3 Be7 10. Qg4 g6 11. Bh6 d6 12. Qg3 Be6 13. Rd1 Qd7 14. Be2
O-O-O 15. O-O Qa4 16. Bf4 Qa3 17. Bg4 Bxg4 18. Qxg4+ Kb8 19. Qg3 Rd7 20. Qg4
Rhd8 21. exd6 Bxd6 22. Bg5 f5 23. Qe2 Rc8 24. Qe6 Rg7 25. Rfe1 Qa4 26. Qd5 Rf8
27. Bh4 h6 28. Be7 Bxe7 29. Rxe7 1-0

[Event "EUR-ch U14 w"]
[Site "Batumi GEO"]
[Date "2014.10.20"]
[Round "2"]
[White "Nazarova, Anastasia"]
[Black "Henderson de la Fuente, Andrea"]
[Result "1-0"]
[WhiteElo "1932"]
[BlackElo "1670"]
[PlyCount "143"]
[EventDate "2014.10.19"]
[EventType "swiss"]
[EventRounds "9"]
[EventCountry "CAN"]
[Source "Chessbase"]
[SourceDate "2015.02.06"]

1. e4 d6 2. d4 Nf6 3. Nc3 e5 4. dxe5 dxe5 5. Qxd8+ Kxd8 6. Bg5 Be7 7. O-O-O+
Nbd7 8. Bc4 Rf8 9. Nf3 Ne8 10. Be3 Nd6 11. Bb3 c6 12. Ne2 f6 13. Ng3 Kc7 14. h4
g6 15. h5 g5 16. c3 b5 17. Kb1 a5 18. Bc2 Nc4 19. Bc1 Bc5 20. Rhf1 Ndb6 21. Ne1
Ba6 22. Nd3 Bd6 23. Nf5 b4 24. b3 Na3+ 25. Bxa3 bxa3 26. c4 Bb4 27. Nxb4 axb4
28. f3 Rad8 29. Bd3 Nd7 30. Kc2 Nc5 31. g3 Rfe8 32. Ne3 Ne6 33. Nf5 Nc5 34. Rf2
Ne6 35. Rfd2 Nd4+ 36. Nxd4 exd4 37. c5 Bc8 38. Bc4 f5 39. Rxd4 Rxd4 40. Rxd4
fxe4 41. fxe4 Rf8 42. Be2 Rf2 43. Kd1 Rg2 44. Rxb4 Rxg3 45. Ra4 Kb8 46. Rxa3
Rg1+ 47. Kd2 g4 48. b4 g3 49. Re3 Bh3 50. a3 g2 51. Rxh3 Rd1+ 52. Bxd1 g1=Q 53.
Re3 Qf2+ 54. Be2 Qf8 55. e5 Qd8+ 56. Bd3 Qd4 57. e6 Qb2+ 58. Bc2 Qd4+ 59. Bd3
Qb2+ 60. Bc2 Qd4+ 61. Ke2 Qg4+ 62. Kd3 Qf5+ 63. Re4 Qd5+ 64. Kc3 Qxh5 65. e7
Qf3+ 66. Kb2 Qf6+ 67. Kb3 Qf7+ 68. Ka4 Qe8 69. Bb3 Kc7 70. Bf7 Qxf7 71. e8=Q
Qxe8 72. Rxe8 1-0

[Event "EUR-ch U14 w"]
[Site "Batumi GEO"]
[Date "2014.10.20"]
[Round "2"]
[White "Nilssen, Ellen Fredericia"]
[Black "Vukanic, Emilija"]
[Result "1/2-1/2"]
[WhiteElo "1709"]
[BlackElo "1358"]
[PlyCount "87"]
[EventDate "2014.10.19"]
[EventType "swiss"]
[EventRounds "9"]
[EventCountry "CAN"]
[Source "Chessbase"]
[SourceDate "2015.02.06"]

1. d4 Nf6 2. c4 e6 3. Nc3 Bb4 4. Qc2 O-O 5. Bg5 b6 6. a3 Bxc3+ 7. Qxc3 Bb7 8.
f3 d6 9. e4 Nbd7 10. Nh3 c5 11. d5 h6 12. Bh4 Rc8 13. dxe6 fxe6 14. O-O-O Qe7
15. Qd3 Rc6 16. g4 Ne5 17. Qb3 Ng6 18. Bg3 Rd8 19. Be2 Kh8 20. Rhe1 Rc7 21. Qe3
Ne8 22. Nf4 Nxf4 23. Bxf4 Rcd7 24. Qf2 Qf7 25. Qg3 Ba6 26. e5 d5 27. cxd5 Bxe2
28. Rxe2 Rxd5 29. Red2 Rxd2 30. Rxd2 Rd6 31. h4 Rxd2 32. Bxd2 Nc7 33. Qf4 Qxf4
34. Bxf4 Nb5 35. Be3 Kg8 36. h5 Kf7 37. Kd2 Nc7 38. Kd3 Nd5 39. Bd2 Ke7 40. Kc4
a6 41. a4 Kd7 42. a5 Kc6 43. axb6 Nxb6+ 44. Kc3 1/2-1/2

[Event "EUR-ch U14 w"]
[Site "Batumi GEO"]
[Date "2014.10.20"]
[Round "2"]
[White "Obolentseva, Alexandra"]
[Black "Greibrokk, Ingrid"]
[Result "1/2-1/2"]
[WhiteElo "2126"]
[BlackElo "1797"]
[PlyCount "81"]
[EventDate "2014.10.19"]
[EventType "swiss"]
[EventRounds "9"]
[EventCountry "CAN"]
[Source "Chessbase"]
[SourceDate "2015.02.06"]

1. e4 c5 2. Nf3 d6 3. d4 cxd4 4. Nxd4 Nf6 5. Nc3 g6 6. Be3 Bg7 7. f3 O-O 8. Qd2
Nc6 9. g4 Be6 10. Nxe6 fxe6 11. O-O-O Ne5 12. Be2 Rc8 13. Nb5 a6 14. Nd4 Qd7
15. Qb4 b5 16. Qa3 Nc4 17. Bxc4 Rxc4 18. b3 Rcc8 19. Qxa6 Ra8 20. Qxb5 Rxa2 21.
Qxd7 Nxd7 22. Rhf1 Rc8 23. Rf2 Nc5 24. Kb1 Rca8 25. Rdf1 d5 26. Kc1 Rc8 27. Kd1
e5 28. Nb5 dxe4 29. Nc3 Ra1+ 30. Kd2 Rd8+ 31. Ke2 exf3+ 32. Rxf3 e4 33. R3f2
Nxb3 34. cxb3 Bxc3 35. Rxa1 Bxa1 36. Rf4 Rb8 37. Rxe4 Rxb3 38. Rxe7 Bf6 39. Rd7
Rb2+ 40. Rd2 Rxd2+ 41. Bxd2 1/2-1/2

[Event "EUR-ch U14 w"]
[Site "Batumi GEO"]
[Date "2014.10.20"]
[Round "2"]
[White "Parol, Pola"]
[Black "Gorovenko, Darya"]
[Result "0-1"]
[WhiteElo "1775"]
[BlackElo "2033"]
[PlyCount "82"]
[EventDate "2014.10.19"]
[EventType "swiss"]
[EventRounds "9"]
[EventCountry "CAN"]
[Source "Chessbase"]
[SourceDate "2015.02.06"]

1. Nf3 c5 2. c4 Nf6 3. Nc3 e6 4. d4 cxd4 5. Nxd4 a6 6. e4 Qc7 7. Be2 Nc6 8. Bg5
Bc5 9. Nb3 Ba7 10. O-O Qe5 11. Qd2 Nd4 12. Bd3 Bb8 13. f4 Nxb3 14. axb3 Qc5+
15. Kh1 Ng4 16. h3 h6 17. Bh4 Ne3 18. Rf3 Qh5 19. Bg3 Ng4 20. e5 Ba7 21. Be2 f5
22. Na4 b5 23. cxb5 axb5 24. Bxb5 Rb8 25. Nc3 Bc5 26. Rd1 Kf8 27. Bxd7 Bb7 28.
Qe2 Ne3 29. Qb5 Qxh3+ 30. gxh3 Bxf3+ 31. Kh2 Rxb5 32. Ra1 Rb8 33. Bxe6 Ke7 34.
Bc4 Nxc4 35. bxc4 Rxb2+ 36. Bf2 Bxf2 37. Nd5+ Kd7 38. Ra6 Bxd5 39. cxd5 Re8 40.
Rd6+ Ke7 41. Re6+ Kf7 0-1

[Event "EUR-ch U14 w"]
[Site "Batumi GEO"]
[Date "2014.10.20"]
[Round "2"]
[White "Prakapuk, Vera"]
[Black "Ismayilova, Aysu"]
[Result "1-0"]
[WhiteElo "1817"]
[BlackElo "1453"]
[PlyCount "33"]
[EventDate "2014.10.19"]
[EventType "swiss"]
[EventRounds "9"]
[EventCountry "CAN"]
[Source "Chessbase"]
[SourceDate "2015.02.06"]

1. e4 c5 2. Nc3 Nc6 3. f4 e6 4. Nf3 d5 5. Bb5 Nge7 6. O-O a6 7. Bxc6+ Nxc6 8.
d3 Be7 9. Kh1 O-O 10. Qe1 Nb4 11. Qf2 d4 12. Nd1 b5 13. a3 Nc6 14. Qg3 f6 15.
Nf2 b4 16. Bd2 Bd7 17. c3 1-0

[Event "EUR-ch U14 w"]
[Site "Batumi GEO"]
[Date "2014.10.20"]
[Round "2"]
[White "Skaslien, Maria"]
[Black "Krasnokutskaya, Sofiya"]
[Result "0-1"]
[WhiteElo "1460"]
[BlackElo "1851"]
[PlyCount "66"]
[EventDate "2014.10.19"]
[EventType "swiss"]
[EventRounds "9"]
[EventCountry "CAN"]
[Source "Chessbase"]
[SourceDate "2015.02.06"]

1. e4 c5 2. Nc3 g6 3. f4 Bg7 4. Bc4 Nc6 5. a3 e6 6. Nge2 Nge7 7. d3 d5 8. Bb5
O-O 9. Bxc6 Nxc6 10. Ng3 b6 11. O-O dxe4 12. Ncxe4 Bb7 13. Rb1 Nd4 14. Be3 Qc7
15. Qd2 Rad8 16. Rfd1 Rfe8 17. Qf2 Nf5 18. c3 Nxe3 19. Qxe3 f5 20. Ng5 e5 21.
Nh3 exf4 22. Qxf4 Qxf4 23. Nxf4 Bh6 24. Nh3 Be3+ 25. Kf1 Rd6 26. Ne2 Red8 27.
d4 cxd4 28. cxd4 Ba6 29. Ke1 Re8 30. b4 Bc4 31. Kf1 Rxd4 32. Rxd4 Bxd4 33. Rd1
Bxe2+ 0-1

[Event "EUR-ch U14 w"]
[Site "Batumi GEO"]
[Date "2014.10.20"]
[Round "2"]
[White "Stanciu, Andreea Briana"]
[Black "Sargsyan, Anna M"]
[Result "1-0"]
[WhiteElo "1993"]
[BlackElo "1705"]
[PlyCount "86"]
[EventDate "2014.10.19"]
[EventType "swiss"]
[EventRounds "9"]
[EventCountry "CAN"]
[Source "Chessbase"]
[SourceDate "2015.02.06"]

1. e4 c6 2. d4 d5 3. Nc3 dxe4 4. Nxe4 Nd7 5. Nf3 Ngf6 6. Bd3 Nxe4 7. Bxe4 Nf6
8. Bd3 Bf5 9. c3 Bxd3 10. Qxd3 e6 11. Bg5 Be7 12. O-O O-O 13. Rfd1 Rc8 14. c4
Qb6 15. Qe2 Rfd8 16. h3 h6 17. Bf4 Bf8 18. Be5 Nd7 19. Bg3 c5 20. b3 cxd4 21.
Nxd4 Nf6 22. Nb5 a6 23. Rxd8 Qxd8 24. Rd1 Qb6 25. Nc3 Qc6 26. Be5 Nd7 27. Bd4
Nc5 28. Qc2 b5 29. b4 Nd7 30. c5 Be7 31. Ne4 Nb6 32. Qe2 Nd5 33. a3 Rd8 34. Be5
f6 35. Bd6 Rd7 36. Bxe7 Rxe7 37. Qf3 Rd7 38. Nc3 a5 39. Qd3 axb4 40. axb4 Qa8
41. Nxb5 Qb8 42. Nd4 Qc8 43. b5 Nf4 1-0

[Event "EUR-ch U14 w"]
[Site "Batumi GEO"]
[Date "2014.10.20"]
[Round "2"]
[White "Stanimirovic, Ivana"]
[Black "Kochukova, Anna"]
[Result "0-1"]
[WhiteElo "1762"]
[BlackElo "1904"]
[PlyCount "50"]
[EventDate "2014.10.19"]
[EventType "swiss"]
[EventRounds "9"]
[EventCountry "CAN"]
[Source "Chessbase"]
[SourceDate "2015.02.06"]

1. d4 Nf6 2. c4 e6 3. Nf3 b6 4. g3 Bb7 5. Bg2 Be7 6. O-O O-O 7. Nc3 d5 8. Ne5
Ne4 9. cxd5 exd5 10. Nxe4 dxe4 11. Qc2 f5 12. h4 c5 13. dxc5 Bxc5 14. Bf4 Qd5
15. Rfd1 Qe6 16. Rd2 Na6 17. a3 Rac8 18. Qa4 Be7 19. Rd7 Nc5 20. Rxe7 Qxe7 21.
Qxa7 Qe6 22. Nc4 Qxc4 23. b4 Nb3 24. Rd1 Qa6 25. Qxa6 Bxa6 0-1

[Event "EUR-ch U14 w"]
[Site "Batumi GEO"]
[Date "2014.10.20"]
[Round "2"]
[White "Tishova, Svetlana"]
[Black "Karimzada, Narmin Niyazi"]
[Result "1/2-1/2"]
[WhiteElo "2035"]
[BlackElo "1679"]
[PlyCount "157"]
[EventDate "2014.10.19"]
[EventType "swiss"]
[EventRounds "9"]
[EventCountry "CAN"]
[Source "Chessbase"]
[SourceDate "2015.02.06"]

1. e4 e5 2. Nf3 d6 3. d4 exd4 4. Nxd4 Nf6 5. Nc3 Be7 6. Bc4 O-O 7. O-O Nxe4 8.
Nxe4 d5 9. Bd3 dxe4 10. Bxe4 Nd7 11. c3 Nf6 12. Bc2 c6 13. Re1 Re8 14. Bg5 Nd5
15. Qd3 g6 16. Bxe7 Rxe7 17. Qf3 Qe8 18. Kf1 Be6 19. Bb3 Rd8 20. Rad1 Nc7 21.
Nxe6 Rxd1 22. Qxd1 Nxe6 23. Qd6 Rd7 24. Rxe6 fxe6 25. Bxe6+ Rf7 26. Bxf7+ Qxf7
27. Qb8+ Kg7 28. Qxa7 Qc4+ 29. Kg1 Qe2 30. Qd4+ Kg8 31. h3 Qxb2 32. a4 Kf7 33.
h4 Ke6 34. Kh2 b6 35. Qe3+ Kd6 36. h5 gxh5 37. Qh6+ Kd5 38. Qe3 c5 39. Qd3+ Ke5
40. Qf3 h4 41. Qh5+ Kd6 42. Qf3 Qc2 43. Qf6+ Kd5 44. Qf7+ Kd6 45. c4 Qxa4 46.
Qd5+ Ke7 47. Qe4+ Kd6 48. Qd5+ Ke7 49. Qe5+ Kd7 50. Qd5+ Ke7 51. Qe4+ Kd6 52.
Qxh4 Qc2 53. Qf6+ Kd7 54. Qf7+ Kd6 55. Qf6+ Kd7 56. Qf7+ Kd6 57. Qd5+ Ke7 58.
f4 Qg6 59. Qe5+ Kf7 60. Qd5+ Ke7 61. Qe5+ Kf7 62. f5 Qh5+ 63. Kg3 Qg5+ 64. Kf3
Qh5+ 65. Kf2 Qh6 66. Kf3 Qh5+ 67. Ke4 Qe2+ 68. Kd5 Qxg2+ 69. Kd6 Qd2+ 70. Kc7
Qh6 71. Qd5+ Ke7 72. Qd8+ Kf7 73. Qd5+ Kf8 74. Qd8+ Kf7 75. Qd7+ Kf8 76. Qd8+
Kf7 77. Qd5+ Kf8 78. Qd8+ Kf7 79. Qd7+ 1/2-1/2

[Event "EUR-ch U14 w"]
[Site "Batumi GEO"]
[Date "2014.10.20"]
[Round "2"]
[White "Tsolakidou, Stavroula"]
[Black "Broly, Mathilde"]
[Result "1/2-1/2"]
[WhiteElo "2305"]
[BlackElo "1824"]
[PlyCount "88"]
[EventDate "2014.10.19"]
[EventType "swiss"]
[EventRounds "9"]
[EventCountry "CAN"]
[Source "Chessbase"]
[SourceDate "2015.02.06"]

1. e4 e5 2. Nf3 Nc6 3. Bb5 Bc5 4. c3 f5 5. Bxc6 dxc6 6. Nxe5 Bd6 7. Qh5+ g6 8.
Nxg6 Nf6 9. Qh4 Rg8 10. e5 Rxg6 11. exf6 Be6 12. f7+ Bxf7 13. Qxd8+ Rxd8 14.
O-O Bd5 15. g3 Kd7 16. d3 c5 17. c4 Bf3 18. Nd2 Be2 19. Re1 Bxd3 20. Re3 Bc2
21. Rc3 Ba4 22. Nf3 Re8 23. Bd2 Rg4 24. Re1 Rxe1+ 25. Bxe1 Bc6 26. Bd2 Re4 27.
Kf1 h5 28. Ng5 Re8 29. f4 a6 30. Kf2 b5 31. b3 Rh8 32. h4 Rb8 33. Be3 bxc4 34.
Rxc4 Bd5 35. Rc2 Kc6 36. Nf3 Be4 37. Ne5+ Kd5 38. Rd2+ Ke6 39. Nf3 Kf6 40. Ng5
Bc6 41. Rc2 Rb5 42. Bc1 Bd5 43. Bb2+ Kg6 44. Be5 Rb6 1/2-1/2

[Event "EUR-ch U14 w"]
[Site "Batumi GEO"]
[Date "2014.10.20"]
[Round "2"]
[White "Tsomaia, Ekaterine"]
[Black "Sieber, Fiona"]
[Result "0-1"]
[WhiteElo "1500"]
[BlackElo "1955"]
[PlyCount "86"]
[EventDate "2014.10.19"]
[EventType "swiss"]
[EventRounds "9"]
[EventCountry "CAN"]
[Source "Chessbase"]
[SourceDate "2015.02.06"]

1. e4 c5 2. Nf3 d6 3. d4 cxd4 4. Qxd4 Nc6 5. Bb5 Bd7 6. Bxc6 Bxc6 7. c4 Nf6 8.
Nc3 g6 9. O-O Bg7 10. Qd3 O-O 11. Rb1 a6 12. a4 Nd7 13. b4 a5 14. b5 Nc5 15.
Qe3 Bd7 16. Rd1 Be6 17. Nd2 Rc8 18. Bb2 f5 19. f3 f4 20. Qe2 Qe8 21. Rdc1 Qf7
22. Ba1 h5 23. Kh1 Kh8 24. Rc2 Bf6 25. Ra2 Kh7 26. Nd1 Nd7 27. Rc1 Kh8 28. Rac2
Bxa1 29. Rxa1 Ne5 30. Nb2 g5 31. Ra3 g4 32. Rac3 Nd7 33. Nb3 b6 34. Nd4 Ne5 35.
Qf1 Rg8 36. Qe2 gxf3 37. Nxf3 Nxf3 38. Qxf3 Bg4 39. Qf2 Rcf8 40. h3 f3 41. hxg4
Rxg4 42. Qe3 Rh4+ 43. Kg1 Qg6 0-1